000 00256nam a22000977a 4500
008 230704b xxu||||| |||| 00| 0 eng d
082 _a364.1
_bACP
245 _aAnnual Survey on perception of corruption in Kenya (Year 2002)
300 _a59p
942 _2ddc
_cBK
999 _c3887
_d3887